Представление документа в формате RUSMARC

ПолеНазваниеЗначение
  Тип записи a
  Библиографический уровень a
001 Контрольный номер RU/CBS_Ul/BASE/507124560
005 Дата корректировки 20240209175155.6
100 Данные общей обработки __
a Данные общей обработки 20160126d2016 ||| 0rusy0189 ca
101 Язык документа 0_
a Язык текста rus
102 Страна публикации __
a Страна публикации RU
105 Кодированные данные (монография) __
a Кодированные данные (монография) y###||||000|y
200 Заглавие и сведения об ответственности 1_
a Заглавие Зачем черешне грива
b Общее обозначение материала Текст
e Сведения, относящиеся к заглавию [советы по выращиванию черешни в сложных климатических условиях]
f Первые сведения об ответственности Н. Черненко, В. Черненко
300 Общие примечания __
a Общие примечания Ограничения по возрасту - 12+
461 Уровень набора _0
1 2000
a Приусадебное хозяйство
463 Уровень физической единицы _0
1 001RU/CBS_Ul/BASE/506601356
1 2000
a № 12
v С. 42-46
1 210
d 2015
606 Тематические рубрики 0_
a Основная рубрика Черешня - Культура на приусадебных участках
610 Ключевые слова 0_
a Ключевые слова виды вишни
a Ключевые слова черешня
a Ключевые слова вишня
a Ключевые слова сорта черешни
686 Индексы других классификаций __
a Классификационный индекс 42.356
2 Код системы ББК
700 Автор _1
a Фамилия Черненко
b Имя (инициалы) Н.
701 Альтернативная интеллектуальная ответственность _1
a Фамилия Черненко
b Имя (инициалы) В.
801 Источник записи _0
a Страна RU
b Организация МБУК ЦБС г. Ульяновска
c Дата составления 20160126
g Правила каталогизации RCR
801 Источник записи _1
a Страна RU
b Организация МБУК ЦБС г. Ульяновска
c Дата составления 20160126
g Правила каталогизации RCR
901 Тип документа __
t Тип документа b
w Контрольный № источника RU/CBS_Ul/BASE/506601356
910 Корректоры записи __
a Корректор записи Асеева
938 Служебная информация __
a Имя БД period